000 00953nam a2200229 i 4500
001 100381
003 ES-MaACL
005 20250403161513.0
007 t|
008 050926s1952 sp ||||1| spa d
100 1 _aMas y Magro, Francisco.
_978653
245 1 3 _aLa leucemia
_b: etiología, hematología clínica, diagnóstico y terapéutica /
_cFrancisco Más y Magro.
250 _a1ª ed.
260 _aMadrid :
_bMorata,
_c1952.
300 _aVIII, 143 p., 12 lám. ;
_c22 cm.
650 7 _9144484
_aLeucemia
852 _aES-MaACL
_jD-6488
_bR.32541
_bR.M.6081
_9104135
_cSVI
_fSello en tinta azul de la Biblioteca del Ateneo de Madrid
_gAnotación manuscrita en cubierta: "21"
_hSello en tinta: "DONATIVO"
_zEn cubierta: "2.OCT.1952"
942 _2udc
_cMONOGRAFIA
999 _c100381
_d100381